<?xml version="1.0" encoding="UTF-8"?>
<record
    xmlns:xsi="http://www.w3.org/2001/XMLSchema-instance"
    xsi:schemaLocation="http://www.loc.gov/MARC21/slim http://www.loc.gov/standards/marcxml/schema/MARC21slim.xsd"
    xmlns="http://www.loc.gov/MARC21/slim">

  <leader>02660nam a2200361   4500</leader>
  <controlfield tag="003">DO-SdBNP</controlfield>
  <controlfield tag="005">20260309134441.0</controlfield>
  <controlfield tag="007">ta</controlfield>
  <controlfield tag="008">260216b2025    dr ||||| |||| 00| 0 spa d</controlfield>
  <datafield tag="020" ind1=" " ind2=" ">
    <subfield code="a">9789945510959</subfield>
  </datafield>
  <datafield tag="040" ind1=" " ind2=" ">
    <subfield code="a">DO-SdBNP</subfield>
    <subfield code="b">spa</subfield>
    <subfield code="c">BNPHU</subfield>
    <subfield code="e">rda</subfield>
  </datafield>
  <datafield tag="041" ind1=" " ind2=" ">
    <subfield code="a">spa</subfield>
  </datafield>
  <datafield tag="082" ind1=" " ind2="4">
    <subfield code="a">RD863.44 </subfield>
    <subfield code="b">C352pe</subfield>
    <subfield code="2">22</subfield>
  </datafield>
  <datafield tag="100" ind1="1" ind2=" ">
    <subfield code="a">Castillo, Efra&#xED;m,</subfield>
    <subfield code="d">1940-</subfield>
    <subfield code="e">autor</subfield>
    <subfield code="9">28022</subfield>
    <subfield code="4">aut.</subfield>
  </datafield>
  <datafield tag="245" ind1="1" ind2="3">
    <subfield code="a">El personero /</subfield>
    <subfield code="c">Efra&#xED;m Castillo ; coordinaci&#xF3;n editorial, Clara Dobarro ; edici&#xF3;n, Mar&#xED;a del Carmen Vicente,  Manuel &#xC1;ngel Su&#xE1;rez y Andr&#xE9;s Blanco.</subfield>
  </datafield>
  <datafield tag="264" ind1=" " ind2="4">
    <subfield code="a">Santo Domingo, Rep&#xFA;blica Dominicana : </subfield>
    <subfield code="b">Ministerio de Cultura; Editora Nacional, </subfield>
    <subfield code="c">&#xA9;2025.</subfield>
  </datafield>
  <datafield tag="300" ind1=" " ind2=" ">
    <subfield code="a">349 p&#xE1;ginas ;</subfield>
    <subfield code="c">23 cm.</subfield>
  </datafield>
  <datafield tag="336" ind1=" " ind2=" ">
    <subfield code="a">texto</subfield>
    <subfield code="b">txt</subfield>
    <subfield code="2">rdacontent</subfield>
  </datafield>
  <datafield tag="337" ind1=" " ind2=" ">
    <subfield code="a">sin mediaci&#xF3;n </subfield>
    <subfield code="b">n</subfield>
    <subfield code="2">rdamedia</subfield>
  </datafield>
  <datafield tag="338" ind1=" " ind2=" ">
    <subfield code="a">volumen</subfield>
    <subfield code="b">nc</subfield>
    <subfield code="2">rdacarrier</subfield>
  </datafield>
  <datafield tag="500" ind1=" " ind2=" ">
    <subfield code="a">Incluye datos biogr&#xE1;ficos del autor en las solapas</subfield>
  </datafield>
  <datafield tag="505" ind1=" " ind2=" ">
    <subfield code="a">Presentaci&#xF3;n, 9.-- Cap&#xED;tulo I. El gordo y el flaco, 13.-- Cap&#xED;tulo II. Monegal, 21.-- La viuda, 27.-- El trepador, 33.-- Cap&#xED;tulo III. El gordo y el flaco, 41.-- Monegal, 47.-- Cap&#xED;tulo IV. El gordo y el flaco,53-- Monegal, 60.-- El trepador, 69.-- La viuda, 75.-- Cap&#xED;tulo V. El gordo y el flaco, 87-- Monegal, 94.-- El trepador, 103.-- La viuda, 108.-- Cap&#xED;tulo VI. El gordo y el flaco, 115.-- Monegal, 126.-- La viuda, 131.-- El trepador, 146.--Cap&#xED;tulo VII. El gordo y el flaco, 149.-- Monegal, 154.-- La viuda, 158.-- El trepador, 162.-- Cap&#xED;tulo VIII. El gordo y el flaco, 173.-- Cap&#xED;tulo IX. Monegal, 193.-- La viuda, 198.-- La muchacha, 205.-- El trepador, 211. Cap&#xED;tulo X. El gordo y el flaco, 219.-- La viuda, 222.-- El trepador y la muchacha, 228.-- La muchacha, 236.-- Cap&#xED;tulo XI. El trepador, 245.-- La viuda, 253.-- Monegal y la muchacha, 255.-- Cap&#xED;tulo XII. El gordo y el flaco, 261.-- Monegal, 264.-- La viuda, 274.-- El trepador, 276.-- Cap&#xED;tulo XIII. El gordo y el flaco, 291.-- La viuda, 292.-- Monegalito, 298.-- La muchacha, 305.-- El trepador, 315.-- Cap&#xED;tulo XIV. J. Antonio, 323.-- La muchacha, 328.-- El trepador, 332.-- El gordo y el flaco, 334.-- El trepador, 335.-- El gordo y el flaco, 338.-- Ep&#xED;logo, 343. -- Monegal, 343</subfield>
  </datafield>
  <datafield tag="590" ind1=" " ind2=" ">
    <subfield code="a">Inventariado, 2026 /LP</subfield>
  </datafield>
  <datafield tag="650" ind1=" " ind2="4">
    <subfield code="a">Novela hist&#xF3;rica dominicana </subfield>
    <subfield code="9">860</subfield>
  </datafield>
  <datafield tag="650" ind1=" " ind2="4">
    <subfield code="a">Literatura dominicana </subfield>
    <subfield code="2">LEMB</subfield>
  </datafield>
  <datafield tag="651" ind1=" " ind2="4">
    <subfield code="a">Rep&#xFA;blica Dominicana </subfield>
    <subfield code="x">Historia </subfield>
    <subfield code="y">Era de Trujillo 1930-1961</subfield>
    <subfield code="v">Novela</subfield>
    <subfield code="9">89171</subfield>
  </datafield>
  <datafield tag="700" ind1="1" ind2=" ">
    <subfield code="a">Dobarro, Clara, </subfield>
    <subfield code="e">coordinador </subfield>
    <subfield code="4">co.</subfield>
    <subfield code="9">34619</subfield>
  </datafield>
  <datafield tag="700" ind1="1" ind2=" ">
    <subfield code="a">Vicente, Mar&#xED;a del Carmen,</subfield>
    <subfield code="e">editor</subfield>
    <subfield code="4">ed.</subfield>
  </datafield>
  <datafield tag="700" ind1="1" ind2=" ">
    <subfield code="a">Blanco, Andr&#xE9;s,</subfield>
    <subfield code="e">editor</subfield>
    <subfield code="4">rd.</subfield>
    <subfield code="9">76085</subfield>
  </datafield>
  <datafield tag="700" ind1="1" ind2=" ">
    <subfield code="a">Su&#xE1;rez, Manuel &#xC1;ngel</subfield>
    <subfield code="e">editor</subfield>
    <subfield code="4">ed.</subfield>
    <subfield code="9">74910</subfield>
  </datafield>
  <datafield tag="910" ind1=" " ind2=" ">
    <subfield code="a">LP</subfield>
  </datafield>
  <datafield tag="942" ind1=" " ind2=" ">
    <subfield code="2">ddc</subfield>
    <subfield code="c">LBS1</subfield>
  </datafield>
  <datafield tag="952" ind1=" " ind2=" ">
    <subfield code="0">0</subfield>
    <subfield code="1">0</subfield>
    <subfield code="2">ddc</subfield>
    <subfield code="5">1</subfield>
    <subfield code="7">0</subfield>
    <subfield code="8">PD</subfield>
    <subfield code="a">BNPHU</subfield>
    <subfield code="b">BNPHU</subfield>
    <subfield code="c">HD</subfield>
    <subfield code="d">2025-09-30</subfield>
    <subfield code="e">Dep&#xF3;sito Legal</subfield>
    <subfield code="l">0</subfield>
    <subfield code="o">BNPHU PD RD863.44 C352pe</subfield>
    <subfield code="p">2026-1201</subfield>
    <subfield code="r">2026-02-16</subfield>
    <subfield code="w">2026-02-16</subfield>
    <subfield code="y">LBS1</subfield>
  </datafield>
  <datafield tag="952" ind1=" " ind2=" ">
    <subfield code="0">0</subfield>
    <subfield code="1">0</subfield>
    <subfield code="2">ddc</subfield>
    <subfield code="5">1</subfield>
    <subfield code="7">0</subfield>
    <subfield code="8">PD</subfield>
    <subfield code="a">BNPHU</subfield>
    <subfield code="b">BNPHU</subfield>
    <subfield code="c">HD</subfield>
    <subfield code="d">2025-09-30</subfield>
    <subfield code="e">Dep&#xF3;sito Legal</subfield>
    <subfield code="l">0</subfield>
    <subfield code="o">BNPHU PD RD863.44 C352pe</subfield>
    <subfield code="p">2026-1202</subfield>
    <subfield code="r">2026-02-16</subfield>
    <subfield code="t">e.2</subfield>
    <subfield code="w">2026-02-16</subfield>
    <subfield code="y">LBS1</subfield>
  </datafield>
  <datafield tag="952" ind1=" " ind2=" ">
    <subfield code="0">0</subfield>
    <subfield code="1">0</subfield>
    <subfield code="2">ddc</subfield>
    <subfield code="5">6</subfield>
    <subfield code="7">0</subfield>
    <subfield code="8">DS</subfield>
    <subfield code="a">BNPHU</subfield>
    <subfield code="b">BNPHU</subfield>
    <subfield code="c">HD</subfield>
    <subfield code="d">2025-09-30</subfield>
    <subfield code="e">Dep&#xF3;sito Legal</subfield>
    <subfield code="l">0</subfield>
    <subfield code="o">BNPHU PD RD863.44 C352pe</subfield>
    <subfield code="p">2026-1203</subfield>
    <subfield code="r">2026-02-16</subfield>
    <subfield code="t">e.3</subfield>
    <subfield code="w">2026-02-16</subfield>
    <subfield code="y">LBS1</subfield>
  </datafield>
  <datafield tag="999" ind1=" " ind2=" ">
    <subfield code="c">60332</subfield>
    <subfield code="d">60332</subfield>
  </datafield>
</record>
